| 000 | 01072nmc a2200385 a 4500 | ||
|---|---|---|---|
| 003 | AR-BaBNM | ||
| 005 | 20251128210221.0 | ||
| 008 | 179019s1998 ||||||||||||||000 | spa|| | ||
| 020 | _a950-795-029-X | ||
| 040 | _cAR-BaBNM | ||
| 100 | 1 | _aPeralta, Juan | |
| 245 | 1 | 0 |
_aLos escenarios de la salud _bhacia la construcción de una actitud |
| 260 |
_aBuenos Aires _bEdiciones La Llave _c1998 |
||
| 300 | 0 | _a153 p. | |
| 490 | 0 | _aEnfoques en educación | |
| 504 | _aContiene bibliografía p. 151-153 | ||
| 650 | 4 | _aCIENCIAS NATURALES | |
| 650 | 4 | _aTECNICAS DIDACTICAS | |
| 650 | 4 | _aCURRICULO INTEGRADO | |
| 650 | 4 | _aDERECHOS HUMANOS | |
| 650 | 4 | _aADICCION | |
| 650 | 4 | _aPREVENCION DE ACCIDENTES | |
| 650 | 4 | _aSEXUALIDAD | |
| 650 | 4 | _aANOREXIA | |
| 653 | 0 | _aSIDA | |
| 653 | 0 | _aEDUCACION PARA LA SALUD | |
| 653 | 0 | _aTEMAS TRANSVERSALES | |
| 653 | 0 | _aTERCER CICLO DE LA EGB | |
| 653 | 0 | _aEDUCACION POLIMODAL | |
| 653 | 0 | _aBULIMIA | |
| 700 | 1 |
_aWeiss, Martha _erevisión |
|
| 800 | 1 |
_aPereira, Marcela _edirector |
|
| 942 | _cBK | ||
| 998 | _cRaquel | ||
| 999 |
_c14552 _d14552 |
||